00329nam a22001457a 4500003000400000005001700004008004100021020001500062040000700077082001400084100002200098245003000120260002500150300000800175OSt20211007140204.0211007b |||||||| |||| 00| 0 eng d a0174900473 chu a302.2/nic asamantha bakhurst aadvanced studies in media aresearchbhallc1998 a244